Guess the One Direction song with no hints #13 - Statistics

General Stats
  • This quiz has been taken 69 times
  • The average score is 267 of 347
Answer Stats
Answer % Correct
I
100%
me
98%
me)
98%
me,
98%
the
98%
The
98%
And
92%
so
92%
to
92%
we
92%
We
92%
is
90%
my
90%
I'm
88%
it
88%
were
88%
yeah)
88%
yeah,
88%
Her
86%
her
86%
(Oh,
86%
Oh,
86%
oh,
86%
when
86%
for
84%
in
84%
Love,
84%
love
84%
one
84%
She
84%
she
84%
(She
84%
That
84%
have
82%
know,
82%
know
82%
want
82%
don't
80%
cause
78%
every
78%
girl
78%
girl)
78%
like
78%
all
76%
been
74%
got
74%
she's
74%
sure
74%
things,
74%
away
72%
away)
72%
Everybody
72%
heart
72%
if
72%
world
72%
Alright,
70%
alright
70%
(Alright)
70%
alright,
70%
belongs
70%
doesn't
70%
na-na
70%
na-na-na-na
70%
Na-na-na-na-na-na-na
70%
Na-na-na-na-na-na-na,
70%
steal
70%
take
70%
wanna
70%
whole
70%
never
68%
same
68%
since
68%
Son
68%
But
66%
dad
66%
dream
66%
dreams
66%
gonna
66%
let
66%
queen
66%
sixteen
66%
wide
66%
another
64%
calls
64%
Find
64%
find
64%
from
64%
now
64%
sun
64%
those
64%
turn
64%
before
62%
billion
62%
Couple
62%
down
62%
mum
62%
knows,
60%
knows
60%
shine,
60%
walk
60%
jeans
58%
mean
58%
drops
52%
exist
52%
(Well,
50%
jaw
48%
Kisses
46%
(Wants
38%
cream,
30%
No matching quizzes found
Score Distribution
Percent of People with Each Score
Percentile by Number Answered
Your Score History
You have not taken this quiz